LEADER 00930nam a2200241 u 4500 001 000000037174 003 CaOOAMICUS 005 20070226113733.0 008 980403s1928 it u000 u ita u 035 $a10788907 040 $aPUL(R)$bita 100 1 $aPiccinino, Gustavo.$0(OLS)http://pul/name/27956 245 12$aL'alienazione dei beni ecclesiastici /$cGustavo Piccinino. 260 $aGenova :$bTipografia Elzevirana,$c1928. 300 $a129 p. : ;$c22 cm 500 $aContiene indici. 650 4$aBeni ecclesiastici.$0(OLS)http://pul/subject/1129 850 $aPUL 852 $aPUL$W1$xSL Diritto Canonico 1$y5$m166 G 29$j50838$nBK-PRI$b $qStampati$B50838$CPULBib$Z2$F50838 $H $81 941 1 $a8 961 $aINV: 4596 996 $6245$aL'alienazione dei beni ecclesiastici$9(OLS)http://pul/title/50668 996 $6260$aGenova :$bTipografia Elzevirana$9(OLS)http://pul/publisher/63214 LEADER 03221cam a2200541 a 4500 001 000000168901 003 CaOOAMICUS 005 20180719105438.0 008 180719s2017 it 0000u ita r 020 $a978-88-921-1121-9 (v. 1)* 020 $a978-88-921-1124-0 (v. 4)* 020 $a978-88-921-1123-3 (v. 3)* 020 $a978-88-921-1122-6 (v. 2)* 032 $aLibriCat 040 $aPUL$bita 082 04$a347.45 100 1 $aMandrioli, Crisanto.$0(OLS)http://pul/name/35641 245 10$aDiritto processuale civile /$cCrisanto Mandrioli, Antonio Carratta. 250 $a26. ed. 260 $aTorino :$bG. Giappichelli,$cİ2017. 300 $a4 v. ; $c25 cm. 500 $aSulla cop.: La mia libreria. 504 $aContiene riferimenti bibliografici. 505 0 $aV. 1. Nozioni introduttive e disposizioni generali. -- v. 2. Il processo ordinario di cognizione. -- v. 3. I procedimenti speciali, l'arbitrato, la mediazione e la negoziazione assistita. -- v. 4. L'esecuzione forzata, i procedimenti sommari, cautelari e camerali. 650 4$aDiritto processuale civile$zItalia$vManuali, trattati, ecc.$0(OLS)http://pul/subject/26460 700 1 $aCarratta, Antonio,$d1965-$0(OLS)http://pul/name/75067 740 22$aL'esecuzione forzata ; I procedimenti sommari, cautelari e camerali. 740 22$aI procedimenti speciali ; L'arbitrato, la mediazione e la negoziazione assistita. 740 32$aIl processo ordinario di cognizione. 740 02$aNozioni introduttive e disposizioni generali. 850 $aPUL 852 $aPUL$W1$xSL Diritto e Scienze Sociali 3$y79$m347. 45 MANCR 4.1$j192271$bv. 1$qDDC 21$B196851$CPULBib$Z2$F196851 $H131210 $81 852 $aPUL$W1$xSL Diritto e Scienze Sociali 3$y79$m347. 45 MANCR 4.2$j192272$bv. 2$qDDC 21$B196852$CPULBib$Z2$F196852 $H131211 $81 852 $aPUL$W1$xSL Diritto e Scienze Sociali 3$y79$m347. 45 MANCR 4.3$j192273$bv. 3$qDDC 21$B196853$CPULBib$Z2$F196853 $H131212 $81 852 $aPUL$W1$xSL Diritto e Scienze Sociali 3$y79$m347. 45 MANCR 4.4$j192274$bv. 4$qDDC 21$B196854$CPULBib$Z2$F196854 $H131213 $81 941 1 $a9 996 $6020$a978-88-921-1121-9 (v. 1)*$9(OLS)http://pul/number/164592 996 $6020$a978-88-921-1124-0 (v. 4)*$9(OLS)http://pul/number/164595 996 $6020$a978-88-921-1123-3 (v. 3)*$9(OLS)http://pul/number/164594 996 $6020$a978-88-921-1122-6 (v. 2)*$9(OLS)http://pul/number/164593 996 $6082$a347.45$9(OLS)http://pul/classification/384 996 $6245$aDiritto processuale civile$9(OLS)http://pul/title/54747 996 $6740$aL'esecuzione forzata ; I procedimenti sommari, cautelari e camerali$9(OLS)http://pul/title/190559 996 $6740$aI procedimenti speciali ; L'arbitrato, la mediazione e la negoziazione assistita$9(OLS)http://pul/title/190558 996 $6740$aIl processo ordinario di cognizione$9(OLS)http://pul/title/190557 996 $6740$aNozioni introduttive e disposizioni generali$9(OLS)http://pul/title/190556 996 $6260$aTorino :$bG. Giappichelli$9(OLS)http://pul/publisher/49130